000 01019nam a2200277Ia 4500
003 OSt
005 20221005110736.0
006 a|||||r|||| 00| 0
007 ta
008 221004b |||||||| |||| 00| 0 hin d
020 _a9788126720309 (hbk)
_cIndian Rupees 150
024 _a33829
037 _bGift, 03/10/2017,
_cTextual
040 _aCRL
_cCRL
_bhin
041 _2hin
_ahin
082 _aO152,1N23x, Q1
100 _aचतुर्वेदी, नन्द, ले.
245 0 _aगा हमारी ज़िन्दगी कुछ गा
246 _aGā hamārī ज़indagī kuchh gā
260 _aनई दिल्ली
_bराजकमल प्रकाशन भारत
_c2011
300 _a94पृ0
_ccm.
650 _a हिन्दी साहित्य
650 _aहिन्दी कविता
942 _hO152,1N23x, Q1
_cTEXL
_2cc
999 _c1019732
_d1019732